| 000 | 02834nam2a2200289 4500 | ||
|---|---|---|---|
| 001 | RU\NLR\BIBL_A\022737387 | ||
| 005 | 20260323103454.0 | ||
| 010 |
_a978-5-907928-67-1 _bч. 1 _9400 |
||
| 021 |
_aRU _bКН-П-25-082234 _9КН-П-25-7962 |
||
| 035 | _a(NLR Aleph) 022737387 | ||
| 090 |
_a13556806 _c13556806 |
||
| 100 | _a20260226d2025 k y0rusy50 ca | ||
| 101 | 0 |
_arus _aeng |
|
| 102 | _aRU | ||
| 105 | _aa z 101yy | ||
| 200 | 0 | _aЧ. 1 | |
| 210 | _d2025 | ||
| 215 |
_a317 с. _cил., табл. |
||
| 320 | _aАвт. указ.: с. 292-299 | ||
| 327 | 1 | _aВ сб. также материалы IX симпозиума "Современные проблемы создания российских малых космических аппаратов и их использования для решения социально-экономических задач", проходившего в рамках чтений | |
| 461 | 0 |
_1001RU\NLR\BIBL_A\022730681 _12001#$aК. Э. Циолковский. Проблемы индустриализации космоса и рационального использования земных ресурсов$dK. E. Tsiolkovsky. Problems of space industrialization and rational use of terrestrial resources$eматериалы 60-х научных чтений, посвященных разработке научного наследия и развитию идей К. Э. Циолковского$fМинистерство культуры Российской Федерации [и др.$gредакционная коллегия: академик РАН В. А. Соловьев (председатель) и др.]$zeng$vЧ. 1 _913650282 _cКалуга _d2025- _fМинистерство культуры Российской Федерации [и др. _lK. E. Tsiolkovsky. Problems of space industrialization and rational use of terrestrial resources _nСтрельцов И. А. (Изд-во "Эйдос") _oматериалы 60-х научных чтений, посвященных разработке научного наследия и развитию идей К. Э. Циолковского _tК. Э. Циолковский. Проблемы индустриализации космоса и рационального использования земных ресурсов _y978-5-907928-66-4 _vЧ. 1 |
|
| 711 | 1 | 2 |
_a"Современные проблемы создания российских малых космических аппаратов и их использования для решения социально-экономических задач", симпозиум _d9 _eКалуга _f2025 _92699677 _3RU\NLR\AUTH\880639658 |
| 942 | _cBOOK | ||
| 980 | _aNB | ||